|
|
|
|
| LEADER |
01243nam a2200277 a 4500 |
| 001 |
GR-Patra22260 |
| 008 |
070713s1997 gr g 000 0 gre d |
| 020 |
|
|
|a 960032199X
|
| 040 |
|
|
|a GrPaTEI
|b gre
|c GR-PaULI
|
| 040 |
|
|
|a GrPaTEI
|b gre
|c GR-PaULI
|
| 084 |
|
|
|a Μ
|
| 100 |
1 |
|
|a Camus, Albert
|
| 245 |
1 |
2 |
|a Ο ξένος /
|c Albert Camus ; Μετάφραση απο τα γαλλικά: Νίκη Καρακίτσου-Ντουζε, Μαρία Κασαμπάλογλου-Ρομπλεν.
|
| 260 |
|
|
|a Αθήνα :
|b Καστανιώτη,
|c c1997
|
| 300 |
|
|
|a 140 σ.
|
| 490 |
1 |
|
|a Εικοστός αιώνας
|
| 500 |
|
|
|a Τίτλος πρωτοτύπου: L'Etranger.
|
| 650 |
|
4 |
|a Ελληνική λογοτεχνία
|x Μυθιστόρημα
|
| 700 |
1 |
|
|a Καρακίτσου-Ντουζε, Νίκη
|
| 700 |
1 |
|
|a Κασαμπάλογλου-Ρομπλεν, Μαρία
|
| 710 |
0 |
|
|a Καστανιώτης
|
| 830 |
|
0 |
|1 00112831
|1 2001
|a Εικοστός αιώνας
|
| 942 |
|
|
|2 ddc
|
| 952 |
|
|
|0 0
|1 0
|2 ddc
|4 0
|6 Μ_CAM
|7 0
|9 302369
|a LISK
|b LISK
|c BSC
|d 2021-01-17
|e 24
|f 0
|g 0.00
|l 2
|o Μ CAM
|p 92410031999
|r 2024-03-06 00:00:00
|s 2024-02-15
|t 1
|w 2021-01-17
|y BK15
|x 20070713 0 1
|x GrPaTEI
|
| 971 |
|
|
|a .b2669833x
|b 16-04-20
|c 26-09-16
|
| 999 |
|
|
|c 175714
|d 175714
|